Semblanzas biográficas de grandes maestros preparatorianos / (Record no. 53177)

MARC details
000 -CABECERA
campo de control de longitud fija 00767nam a2200217 a 4500
005 - FECHA Y HORA DE LA ÚLTIMA TRANSACCIÓN
campo de control 20230323063555.0
008 - ELEMENTOS DE LONGITUD FIJA--INFORMACIÓN GENERAL
campo de control de longitud fija 991125s1997 mx 000 0 spa u
035 ## - NÚMERO DE CONTROL DEL SISTEMA
Número de control de sistema UPN01000053177
049 ## - COLECCIÓN
Colección CG
050 #4 - SIGNATURA TOPOGRÁFICA DE LA BIBLIOTECA DEL CONGRESO
Número de clasificación LB1778.4 M6
Número de documento/Ítem M4.7
100 1# - ASIENTO PRINCIPAL--NOMBRE PERSONAL
Nombre de persona Medina Valencia, José de Jesús
9 (RLIN) 41159
245 10 - MENCIÓN DE TÍTULO
Título Semblanzas biográficas de grandes maestros preparatorianos /
Mención de responsabilidad, etc. José de Jesús Medina Valencia, Luis Segura López.
260 ## - PUBLICACIÓN, DISTRIBUCIÓN, ETC.
Lugar de publicación, distribución, etc. México :
Nombre del editor, distribuidor, etc. [s.n.],
Fecha de publicación, distribución, etc. 1997.
300 ## - DESCRIPCIÓN FÍSICA
Extensión 75 p.
500 ## - NOTA GENERAL
Nota general Título de la cubierta: Grandes maestros de la juventud
650 #4 - ASIENTO SECUNDARIO DE MATERIA - TERMINO TEMATICO
Término de materia o nombre geográfico como elemento de entrada Maestros universitarios
Subdivisión geográfica México
9 (RLIN) 5220
650 #7 - ASIENTO SECUNDARIO DE MATERIA - TERMINO TEMATICO
Término de materia o nombre geográfico como elemento de entrada Maestros
Subdivisión de forma Biografía
Fuente del encabezamiento o término
9 (RLIN) 744
700 1# - ASIENTO SECUNDARIO--NOMBRE DE PERSONAL
Nombre de persona Segura López, Luis,
Término indicativo de función/relación coaut.
9 (RLIN) 41160
740 0# - ASIENTO SECUNDARIO - TÍTULOS RELACIONADOS /ANALITICOS NO CONTROLADOS
Título relacionado o analítico no controlado Grandes maestros de la juventud
905 ## - TIPO DE MATERIAL
Tipo de material Libro
Holdings
Estado de retiro Estado de pérdida Fuente del sistema de clasificación o colocación Estado dañado No para préstamo Código de colección Localización permanente Ubicación/localización actual Ubicación en estantería Total de préstamos Clasificación Código de barras Fecha visto por última vez Número de copia Tipo de ítem Koha
    Library of Congress Classification     Colección General Bib. Gregorio Torres Quintero Bib. Gregorio Torres Quintero Planta baja   LB1778.4 M6 M4.7 39507 31/12/2020 1 Libro